Central Library OPAC University of Rajshahi
Normal view MARC view

Entry Personal Name

Number of records used in: 4

001 - CONTROL NUMBER

  • control field: 1658

003 - CONTROL NUMBER IDENTIFIER

  • control field: BD-RjUL

005 - DATE AND TIME OF LATEST TRANSACTION

  • control field: 20220303141301.0

008 - FIXED-LENGTH DATA ELEMENTS

  • fixed length control field: 220303|| aca||aabn | a|a d

040 ## - CATALOGING SOURCE

  • Original cataloging agency: BD-RjUL
  • Transcribing agency: BD-RjUL

100 ## - HEADING--PERSONAL NAME

  • Personal name: العقاد, عباس محمود.;; Al-Akkad, Abbas Mahmoud

670 ## - SOURCE DATA FOUND

  • Source citation: Work cat.: (BD-RjUL)79482: العقاد, عباس محمود.;; Al-Akkad, Abbas Mahmoud. , الله : كتاب في نشاة العقيدة الإلهية, 1949